LDR 00986naa#a2200205#i#450# 001 RU\\bibl\124921 005 20260605122208.5 011 ## _a1019-8946 100 ## _a20260603b2026####ek#y0rusy0150####ca 101 0# _aRUS 102 ## _aRU 200 1# _aИсследование эффективности осаждения сывороточных белков комплексообразователями _eЖурнальная статья 210 1# _aКемерово _cКемеровский государственный университет _d2026 215 ## _a10 с. 608 ## _aЖурнальная статья _2local 675 ## _aСельское хозяйство. Лесное хозяйство. Охота. Рыбное хозяйство. 63 _zRUS 700 #1 _aШухалова _gОльга Михайловна 700 #1 _aМамыкин _gДенис Станиславович 700 #1 _aВолкова _gТатьяна Алексеевна 856 4# _avestnik-bees.kemsu.ru _u